Chansons de Superbus - Statistiques

Statistiques générales
  • Ce quiz a été pris 55 fois
    8 depuis la dernière actualisation
  • Le résultat moyen est 19 sur 114
Statistiques - réponses
Albums Titres % Correct
OK KO | Wow Butterfly
100%
Wow Lola
100%
OK KO Lola (feat. Nicola Sirkis)
100%
Lova Lova Addictions
67%
Lova Lova Lova Lova
67%
OK KO OK KO
67%
Pop'n'Gum Pop'n'Gum
50%
Aéromusical Aéromusical
33%
Wow Ca mousse
33%
OK KO La locomotive
33%
Sixtape Strong & Beautiful
33%
Wow Travel the World
33%
Sixtape 4 Tourments
17%
Sunset A la chaîne
17%
Lova Lova A la Verticale
17%
Sunset All Alone
17%
Lova Lova Apprends-moi
17%
Aéromusical A travers toi
17%
OK KO Baby Boom
17%
Les SuperBonus de l'édition Digiblock Bad Boy Killer
17%
Sunset Baisse ton froc
17%
Pop'n'Gum Beggin' me to stay
17%
Les SuperBonus de l'édition Digiblock Breath
17%
Lova Lova Call Girl
17%
XX Dans tes yeux
17%
Pop'n'Gum Des hauts, des bas
17%
Happy BusDay: The Best of Superbus Eddy
17%
OK KO (Nouvelle Édition) En plein soleil
17%
Sixtape Fin des programmes
17%
Pop'n'Gum Girl
17%
Lova Lova Gogo Dance Show
17%
Aéromusical Helping Hand
17%
XX High
17%
XX Hors jeu
17%
Sixtape Intro
17%
Sixtape J'ai déjà
17%
Wow Jenn je t'aime
17%
Aéromusical Je reste encore
17%
Lova Lova Just Like The Old Days
17%
Lova Lova Keyhole
17%
Sunset La cible
17%
OK KO La corrida
17%
OK KO L'ancre
17%
Sunset L'annonce
17%
XX La patinoire
17%
Aéromusical Le loup
17%
Wow Le Rock à Billy
17%
OK KO (Nouvelle Édition) Les Cavaliers
17%
OK KO Les cheveux
17%
Aéromusical Le soleil
17%
Wow Let Me Hold You
17%
Pop'n'Gum Little Hily
17%
Lova Lova London Town
17%
OK KO Mauvais réflexe
17%
Happy BusDay: The Best of Superbus Mes défauts
17%
OK KO Midnight Express
17%
Sunset Mini
17%
Wow On Monday
17%
Happy BusDay: The Best of Superbus On s'aime
17%
Sixtape On the River
17%
Wow Over You
17%
OK KO Paris Paris
17%
Sixtape Pour mon Père
17%
Pop'n'Gum Radio Song
17%
Wow Ramdam
17%
Le SuperSuperBonus Acoustique Inédit Shake
17%
XX Silencio
17%
Sunset Smith'n'Wesson
17%
Aéromusical Something wrong
17%
OK KO Stupido
17%
Aéromusical Superstar
17%
Aéromusical Tchi-Cum-Bah
17%
Happy BusDay: The Best of Superbus Téléphonie
17%
Wow Tiens le fil
17%
Wow Un peu de douleur
17%
Sunset Whisper
17%
OK KO Aseptisé
0%
Les SuperBonus Inédits Boys Don't Cry
0%
OK KO (Nouvelle Édition) Butterfly (feat. Chantal Lauby)
0%
Sunset Calling You
0%
Pop'n'Gum C'est pas comme ça
0%
Sunset Duo
0%
Le Bonus du single Butterfly Eighteen
0%
Aéromusical Ennemie
0%
Sunset Get Real
0%
Le Bonus de l'édition Digitale | Lova Lova Heart of Glass
0%
Lova Lova Hello Hello
0%
Sixtape Impensablement
0%
Aéromusical Into The Groove
0%
Lova Lova I Wanna Be U
0%
Sixtape Jusqu'à La Mer
0%
Sunset L'été n'est pas loin
0%
Les SuperBonus Inédits Monday to Sunday
0%
Sunset Mrs Better
0%
Lova Lova Nelly
0%
Lova Lova Nelly (Bedroom Version)
0%
Sixtape Next Summer
0%
OK KO (Nouvelle Édition) OK KO (feat. Kyo)
0%
OK KO (Nouvelle Édition) OK KO - Version Piano
0%
Pop'n'Gum Petit détail
0%
Lova Lova Rise
0%
Sixtape Run
0%
Aéromusical Sans décrocher
0%
Pop'n'Gum Sex Baby Sex
0%
Sixtape Soul Sister
0%
OK KO Stereo Song
0%
Pop'n'Gum Sunshine
0%
Pop'n'Gum Taboo
0%
Sixtape The Lighter
0%
Sixtape Toyboy
0%
Pop'n'Gum Tu respires
0%
Sunset Video Killed the Radio Star
0%
Aucun quiz correspondant
Distribution des résultats
% des personnes avec chaque résultat
Percentile par nombre de réponses
Votre historique - résultats
Vous n’avez pas pris ce quiz depuis la dernière actualisation